000 00533nam a2200193 a 4500
001 1766046744151
003 YourLibrary
005 20251222113205.0
008 251218s2005##################000#0#eng##
020 _a9783110184983
082 0 4 _a234.092
_bSIM
100 1 _aSimut, Corneliu C.,
_eauthor.
245 1 0 _aThe Doctrine of Salvation in the Sermons of Richard Hooker :
260 _bWalter de Gruyter,
_c2005.
300 _a376 pages
650 0 _aHistory.
942 _cENGLISH
040 _aYourLibrary
_beng
_cYourLibrary
999 _c603954
_d603954